Fr. Conceicao Rodrigues College of Engineering

Flash for Windows & Macintosh (Record no. 34849)

MARC details
000 -LEADER
fixed length control field 00312nam a2200145Ia 4500
082 ## - DEWEY DECIMAL CLASSIFICATION NUMBER
Classification number 005.133'W'
Item number ULR
100 ## - MAIN ENTRY--PERSONAL NAME
Personal name Ulrich/ Katherine
245 ## - TITLE STATEMENT
Title Flash for Windows & Macintosh
260 ## - PUBLICATION, DISTRIBUTION, ETC.
Name of publisher, distributor, etc. Pearson Edu
Date of publication, distribution, etc. 1999
300 ## - PHYSICAL DESCRIPTION
Extent 442
546 ## - LANGUAGE NOTE
Language note ENGLISH
654 ## - SUBJECT ADDED ENTRY--FACETED TOPICAL TERMS
Focus term Computer
942 ## - ADDED ENTRY ELEMENTS (KOHA)
Koha item type BOOK
Holdings
Withdrawn status Lost status Damaged status Not for loan Collection Home library Current library Date acquired Total Checkouts Full call number Barcode Date last seen Price effective from Koha item type
        CRC Fr. Agnel's C.Rodrigues College of Engineering Fr. Agnel's C.Rodrigues College of Engineering 17/03/2023   005.133'W' ULR 11855 17/03/2023 17/03/2023 BOOK